000 00586nam a2200181Ia 4500
003 GCL
005 20240530103128.0
008 140319s9999 xx 000 0 ara d
040 _aGCL /
_cGCL
082 0 4 _a491.51
_bف ق
100 0 _4فؤاد عبدالمعطى الصياد
245 1 0 _aالقواعد والنصوص الفارسية /
_bفؤاد عبدالمعطى الصياد
260 _a[بيروت) :
_bدار النهضة العربية ،
_c1986
300 _a359 ص
650 0 4 _aاللغة الفارسية
650 0 4 _aالنحو الفارسى
942 _2ddc
_cBK
999 _c37044
_d37044